00533pam a2200205 a 4500001000800000005001700008008004100025010001700066020003200083040001800115041000800133042000900141043001200150080001900162082002300181100000700204101000800211245004400219504006400263252301920180214051042.0930114s1994 nyua j b 001 0 eng  a 93016161  a019508084X (acidfree paper) aDLCcDLCdDLC aeng alcac an-us--- a305.40973 Tyl00a305.40973 Tyl2201 a16 ahis10aPushing the limits :cElaine Tyler May. aIncludes bibliographical references (p. 138-140) and index.